LEADER 01111nam--2200349---450 001 990001962410203316 005 20210422091558.0 035 $a000196241 035 $aUSA01000196241 035 $a(ALEPH)000196241USA01 035 $a000196241 100 $a20040830d1970----km-y0itay0103----ba 101 0 $aita 102 $aIT 105 $a||||||||001yy 200 1 $a<> Costituzione della Repubblica socialista federale dei Soviet di Russia in domande e risposte$fP. Stutcka 210 $aMilano$cReprint$d1970 215 $a44 p.$d17 cm 225 2 $aDocumenti della rivoluzione$v15 410 0$12001$aDocumenti della rivoluzione$v15 454 1$12001 461 1$1001-------$12001 606 0 $aRussia$xCostituzioni politiche$z1918 676 $a342.4702 700 1$aSTUTCKA,$bP.$0565721 801 0$aIT$bsalbc$gISBD 912 $a990001962410203316 951 $aX.3.B. 945(III A Coll. 9/15)$b38437 L.M.$cIII A Coll. 959 $aBK 969 $aUMA 996 $aCostituzione della Repubblica socialista federale dei Soviet di Russia in domande e risposte$91044371 997 $aUNISA LEADER 02356 am 2200553 n 450 001 9910495994503321 005 20160212 010 $a2-271-09154-3 024 7 $a10.4000/books.editionscnrs.7885 035 $a(CKB)4340000000012961 035 $a(FrMaCLE)OB-editionscnrs-7885 035 $a(oapen)https://directory.doabooks.org/handle/20.500.12854/84917 035 $a(PPN)267943431 035 $a(EXLCZ)994340000000012961 100 $a20160620j|||||||| ||| 0 101 0 $afre 135 $auu||||||m|||| 181 $ctxt$2rdacontent 182 $cc$2rdamedia 183 $acr$2rdacarrier 200 10$aThéorie quantique et sciences humaines /$fMichel Bitbol 210 $aParis $cCNRS Éditions$d2016 215 $a1 online resource (251 p.) 225 1 $aHors collection 330 $aEt si la science physique la plus récente sortait de son domaine d?application traditionnel ? Si la physique quantique, développée par Planck, Bohr et Einstein, se confrontaient aux sciences dites humaines ? Tel est le projet de Michel Bitbol et de son équipe dans cet ouvrage hors norme, faisant fi des frontières traditionnelles. Quelles affinités peuvent partager ces deux types de science ? Quels rôles y jouent l?homme ? Parmi les thèmes choisis pour cette confrontation citons : la prise de décision, la théorie du comportement, la recherche de l?utilité. 606 $aQuantum theory 606 $aSocial sciences 606 $aPhysics$xSocial aspects 610 $aHuman Sciences and Quantum Theory - Applied Physics. 615 0$aQuantum theory. 615 0$aSocial sciences. 615 0$aPhysics$xSocial aspects. 700 $a-Mogiliansky$b A. Lambert$01298888 701 $aAtmanspacher$b Harald$053694 701 $aAyache$b Élie$01298889 701 $aBitbol$b Michel$061690 701 $aDanilov$b V. I$0726027 701 $aDupuy$b Jean-Pierre$053030 701 $aFilk$b Thomas$01298890 701 $aMura$b Pierfrancesco La$01298891 701 $aRömer$b Hartmann$01298892 701 $aZwirn$b Hervé$01298893 701 $aBitbol$b Michel$061690 712 02$aCentre national de la recherche scientifique (France) 801 0$bFR-FrMaCLE 906 $aBOOK 912 $a9910495994503321 996 $aThéorie quantique et sciences humaines$93024961 997 $aUNINA